| LEADER | 02647nam a2200409 i 4500 | ||
|---|---|---|---|
| 001 | 311908 | ||
| 003 | CZ PrSKC | ||
| 005 | 20260601215714.0 | ||
| 007 | ta | ||
| 008 | 230420s2023 xr a g 000 f cze | ||
| 015 | |a cnb003517221 | ||
| 020 | |a 9788075884497 |q (vázáno) | ||
| 035 | |a (OCoLC)1381702577 | ||
| 040 | |a ABG001 |b cze |e rda | ||
| 072 | 7 | |a 821.162.3-3 |x Česká próza |2 Konspekt | |
| 080 | |a 821.162.3-31 |2 MRF | ||
| 080 | |a (0:82-311.6) |2 MRF | ||
| 100 | 1 | |a Mostecký, Jaroslav, |d 1963-2020 |7 jn19990009938 |4 aut | |
| 245 | 1 | 0 | |a Bastard / |c Jaroslav Mostecký ; ilustrovala Jana Šouflová |
| 250 | |a 1. vydání | ||
| 264 | 1 | |a Praha : |b Mystery Press, |c 2023 | |
| 300 | |a 494 stran : |b ilustrace ; |c 22 cm | ||
| 336 | |a text |b txt |2 rdacontent | ||
| 337 | |a bez média |b n |2 rdamedia | ||
| 338 | |a svazek |b nc |2 rdacarrier | ||
| 520 | 2 | |a Lehce fantaskní historický román o střetu Keltů, Franků a vikingů. |b Bretaň počátku 9. století připomíná vosí hnízdo. Zatímco keltští obyvatelé touží po nezávislosti, Franská říše nehodlá přijít o svoji nejzápadnější výspu. Vzpurný zeměpán Judaël snu o svobodě ale podřídil všechno, dokonce i bezpečí rodiny a svých poddaných. V době, kdy s družinou nejvěrnějších hledá pomoc u earla z Ashfordu, se na bretaňském pobřeží vyloďují franští vojáci a schyluje se ke krveprolití. Pouze Judaëlův levoboček Yannig, který se schovává v přilehlých skalách, ví, že se Frankové vylodili až poté, co v zálivu ztroskotal vikinský drakar. Musí rozehrát hru o vlastní život, protože nepřítelem může být kdokoli - i nevlastní bratr. Bastard Yannig brzy pozná, že cena za šanci usednout na otcův trůn se počítá na životy přátel a rodiny. A ve skalách se probouzí pradávné zlo, které čekalo na svou příležitost... Nakladatelská anotace. Kráceno. | |
| 655 | 7 | |a české romány |7 fd133974 |2 czenas | |
| 655 | 7 | |a historické romány |7 fd132414 |2 czenas | |
| 655 | 9 | |a Czech fiction |2 eczenas | |
| 655 | 9 | |a historical novels |2 eczenas | |
| 700 | 1 | |a Šouflová, Jana, |d 1975- |7 xx0010115 |4 ill | |
| 787 | 0 | 8 | |i Z cyklu: |t Vlčí věk |
| 900 | |a ABA001 |b 19 | ||
| 044 | |a xr | ||
| 910 | |a RBIT002 | ||
| 998 | |d 373774 |a https://core.palmknihy.cz/api/books/373774/cover?she96u |b https://core.palmknihy.cz/api/books/373774/cover/400?she96u |c https://core.palmknihy.cz/api/books/373774/cover/50?she96u |e 2029-03-27 |g 496 |i 9788075884497 |j https://core.palmknihy.cz/api/books/373774/preview.epub |k https://core.palmknihy.cz/api/books/373774/preview.pdf |l |q 49 |r 1 |s https://www.palmknihy.cz/kniha/373774 |t ebook |y 2023 |z 0 | ||
| 999 | |d 311906 | ||